IN SEARCH OF ANCIENT GODS MY PICTORIAL EVIDENCE FOR THE : (Registro nro. 35165)
[ vista simple ]
| 000 -LEADER | |
|---|---|
| fixed length control field | 00490nam a2200169 a 4500 |
| 001 - CONTROL NUMBER | |
| control field | 35165 |
| 005 - DATE AND TIME OF LATEST TRANSACTION | |
| control field | 20180714003436.0 |
| 008 - FIXED-LENGTH DATA ELEMENTS--GENERAL INFORMATION | |
| fixed length control field | 140415d 000 0 eng d |
| 041 ## - LANGUAGE CODE | |
| Language code of text/sound track or separate title | eng |
| 082 ## - DEWEY DECIMAL CLASSIFICATION NUMBER | |
| Classification number | 001.942 |
| Item number | DAN |
| 100 1# - MAIN ENTRY--PERSONAL NAME | |
| Personal name | DANIKEN, ERICH VON |
| 245 10 - TITLE STATEMENT | |
| Title | IN SEARCH OF ANCIENT GODS MY PICTORIAL EVIDENCE FOR THE : |
| Remainder of title | IMPOSSIBLE |
| 250 ## - EDITION STATEMENT | |
| Edition statement | 1a ed. |
| 260 ## - PUBLICATION, DISTRIBUTION, ETC. | |
| Place of publication, distribution, etc. | [s.l.] : |
| Name of publisher, distributor, etc. | BANTAM BOOK, |
| Date of publication, distribution, etc. | [s.f.] |
| 300 ## - PHYSICAL DESCRIPTION | |
| Extent | 218 |
| 650 14 - SUBJECT ADDED ENTRY--TOPICAL TERM | |
| Topical term or geographic name entry element | DISCOS VOLADORES |
| General subdivision | PLATILLOS VOLADORES |
| Withdrawn status | Lost status | Source of classification or shelving scheme | Damaged status | Not for loan | Collection code | Home library | Current library | Shelving location | Date acquired | Source of acquisition | Inventory number | Total Checkouts | Full call number | Barcode | Date last seen | Date last checked out | Price effective from | Koha item type |
|---|---|---|---|---|---|---|---|---|---|---|---|---|---|---|---|---|---|---|
| Dewey Decimal Classification | General | Biblioteca Karol Wojtyla | Biblioteca Karol Wojtyla | Sala general | 03/12/2013 | Compra | 151000000000000000065255 | '001.942 DAN | 53153 | 05/01/2026 | 13/06/2018 | 03/12/2013 | Libro |